Pre-factibilidad técnica y financiera para el acondicionamiento de la calidad del agua en el sistema contra incendios de la Refinería Costarricense de Petróleo ubicada en Moín,Limón
Uloženo v:
| Hlavní autor: | |
|---|---|
| Médium: | Kniha |
| Jazyk: | Spanish |
| Vydáno: |
San José, Costa Rica
2015
|
| Témata: | |
| Tagy: |
Přidat tag
Žádné tagy, Buďte první, kdo vytvoří štítek k tomuto záznamu!
|
MARC
| LEADER | 00000nam a22000007a 4500 | ||
|---|---|---|---|
| 003 | 012310 | ||
| 005 | 20221231144028.0 | ||
| 008 | 160108b2015 cr a|||| |||| 00| ||spa d | ||
| 040 | |c cru CEDI | ||
| 090 | |a TFG 7474 | ||
| 100 | |9 2578 |a López Barquero, Laura | ||
| 245 | |a Pre-factibilidad técnica y financiera para el acondicionamiento de la calidad del agua en el sistema contra incendios de la Refinería Costarricense de Petróleo ubicada en Moín,Limón | ||
| 260 | |a San José, Costa Rica |c 2015 | ||
| 500 | |a Proyecto de graduación (licenciatura en ingeniería química)--Universidad de Costa Rica. Facultad de Ingeniería. Escuela de Ingeniería Química | ||
| 650 | |x ANALISIS DEL AGUA |x CALIDAD DEL AGUA |x QUIMICA DEL AGUA |x SISTEMAS DE TUBERIAS DE AGUA |x INCENDIOS - MEDIDAS DE SEGURIDAD |x INCENDIOS - PREVENCION |x REFINADORA COSTARRICENSE DE PETROLEO. PLANTEL DE MOIN |9 2579 | ||
| 942 | |c TFG | ||
| 999 | |c 15836 |d 15836 | ||
